000 01119nam a2200325 i 4500
001 000045796
003 DO-SdBNP
005 20251119123450.0
007 ta
008 130718s2013 dr acd 000 0 spa d
020 _a9789945165975
040 _aDO-SdBNP
_bspa
_cBNPHU
_erda
041 _aspa
082 4 _a378.97293
_bJ58m
_222
100 1 _aJesús Ulerio, Luis Felipe de,
_d1970-
_91334
_eautor
_4aut.
245 1 0 _aManual de orientación universitaria (ORI-100) /
_cLuis Felipe de Jesus Ulerio, María Garate, Héctor A. Valera.
250 _aSegunda edición
264 1 _aSanto Domingo :
_bUCSD,
_c2013.
300 _a151 páginas :
_bilustraciones, retratos, tablas ;
_c26 cm.
336 _2rdacontent
_atexto
_btxt
337 _2rdamedia
_asin mediación
_bn
338 _2rdacarrier
_avolumen
_bnc
590 _aInventariado, 2023/BT
650 4 _aUniversidades
_zRepública Dominicana
_9729
700 1 _aGárate, María,
_965937
_eautor
_4aut.
700 1 _aValera, Héctor A.,
_916400
_eautor
_4aut.
710 2 _aUniversidad Católica de Santo Domingo
_91476
910 _aBtavárez
942 _2ddc
_cLBS1
999 _c45285
_d45285